000 00839nam a2200301Ia 4500
003 OSt
005 20221007123528.0
006 a|||||r|||| 00| 0
007 ta
008 221006b |||||||| |||| 00| 0 eng d
020 _a8180542610 (pbk)
024 _a13864
037 _cAnnuals, Advances
040 _aPAPL
_cPAPL
_beng
041 _2eng
_aeng
082 _aC, P4 Carpa
100 _aSehgal N K
245 0 _aModern physics
_b Chopra K L Sehgal D L
250 _a9
260 _aNew
_bDelhi Sultan Chand & Sons
_c2004
300 _axvii, vp.
_ccm.
650 _a Modern physics
_9715172
650 _aPhysics
700 _a Chopra K L
_939031
700 _a Sehgal D L
_939030
942 _hC, P4 Carpa
_cREF
_2CC
999 _c1212060
_d1212060